أجمل النماذج والتكوينات الزخرفية في فن كتابة البسملة لأشهر الخطاطين قديما وحديثا / (Record no. 115660)
[ view plain ]
| 000 -الفاتح | |
|---|---|
| عناصر البيانات ثابتة الطول | 00762cam a2200193 i 4500 |
| 005 - تاريخ ووقت آخر معاملة | |
| حقل ضبط | 20260223104811.0 |
| 008 - عناصر البيانات ثابتة الطول | |
| عناصر البيانات ثابتة الطول | 250721s2007 ua gr 000 0 ara d |
| 020 ## - الترقيم الدولي المعياري للكتب (ردمك) | |
| الترقيم الدولي المعياري للكتب (ردمك) | 9772775077 |
| 082 14 - رقم تصنيف ديوي العشري | |
| رقم التصنيف | 411.4 |
| رقم المادة | ز ا ي |
| 100 1# - مدخل رئيسي – اسم شخصي | |
| الاسم الشخصي | زايد، أحمد صبري |
| علاقة الشخص بالعمل/ دوره | مؤلف. |
| 245 10 - بيان العنوان | |
| العنوان | أجمل النماذج والتكوينات الزخرفية في فن كتابة البسملة لأشهر الخطاطين قديما وحديثا / |
| بيان المسؤولية | أحمد صبري زايد. |
| 264 #1 - بيانات النشر، التوزيع…إلخ | |
| مكان النشر، التوزيع...إلخ | القاهرة : |
| اسم الناشر، الموزع...إلخ | دار الطلائع للنشر والتوزيع، |
| تاريخ النشر، التوزيع...إلخ | 2007. |
| 300 ## - الوصف المادي | |
| عدد الوحدات المكونة للوعاء | 239 صفحة. |
| 650 17 - مدخل إضافي بالموضوع - مصطلح موضوعي | |
| مصطلح موضوعي أو اسم جغرافي كعنصر مدخل | الخطوط العربية. |
| 650 17 - مدخل إضافي بالموضوع - مصطلح موضوعي | |
| مصطلح موضوعي أو اسم جغرافي كعنصر مدخل | الخط الكوفي. |
| 650 17 - مدخل إضافي بالموضوع - مصطلح موضوعي | |
| مصطلح موضوعي أو اسم جغرافي كعنصر مدخل | خط الثلث. |
| 942 ## - بيانات إضافية (كوها) | |
| نوع التنصيف | Dewey Decimal Classification |
| نوع المادة (كوها) | Books |
| حالة السحب | حالة الفقدان | مصدر التصنيف | حالة التلف | غير قابل للإعارة | المكتبة الرئيسية | المكتبة الحالية | موقع الرف | تاريخ التزويد | الرقم المتسلسل | Total Checkouts | رقم الإستدعاء | الباركود | تاريخ آخر ظهور | تاريخ الفاتورة | نوع المادة (كوها) |
|---|---|---|---|---|---|---|---|---|---|---|---|---|---|---|---|
| Dewey Decimal Classification | المكتبة المركزية | المكتبة المركزية | الإعارة | 28/07/2025 | 1249252 | 411.4 / ز ا ي | PLD00064212 | 28/07/2025 | 28/07/2025 | Books | |||||
| Dewey Decimal Classification | المكتبة المركزية | المكتبة المركزية | مقتنيات قسم التزويد | 28/07/2025 | 1729706 | 411.4/زاي | 28/07/2025 | 28/07/2025 | Books | ||||||
| Dewey Decimal Classification | مكتبة أبو علندا العامة | مكتبة أبو علندا العامة | الإعارة | 11/01/2009 | 1249253 | 411.4/زاي | PLD00064570 | 28/07/2025 | 11/01/2009 | Books | |||||
| Dewey Decimal Classification | مكتبة الأميرة ايمان العامة | مكتبة الأميرة ايمان العامة | الإعارة | 11/01/2009 | 1249255 | 411.4/زاي | PLD00064572 | 28/07/2025 | 11/01/2009 | Books | |||||
| Dewey Decimal Classification | مكتبة الاميرة بديعة | مكتبة الاميرة بديعة | الإعارة | 11/01/2009 | 1249256 | 411.4/زاي | PLD00064573 | 28/07/2025 | 11/01/2009 | Books | |||||
| Dewey Decimal Classification | مكتبة الجويدة | مكتبة الجويدة | الإعارة | 11/01/2009 | 1249257 | 411.4/زاي | PLD00064574 | 28/07/2025 | 11/01/2009 | Books | |||||
| Dewey Decimal Classification | مكتبة الحسن العامة | مكتبة الحسن العامة | الإعارة | 11/01/2009 | 1249258 | 411.4/زاي | PLD00064575 | 28/07/2025 | 11/01/2009 | Books | |||||
| Dewey Decimal Classification | مكتبة النصر العامة | مكتبة النصر العامة | الإعارة | 11/01/2009 | 1249260 | 411.4/زاي | PLD00064577 | 28/07/2025 | 11/01/2009 | Books |